[Event "26th Hoogeveen op"]
[Site "Hoogeveen NED"]
[Date "2023.10.22"]
[Round "2.10"]
[White "Nijdam, Brian"]
[Black "Elgersma, Onno"]
[Result "0-1"]
[WhiteElo "1918"]
[BlackElo "2266"]
[EventDate "2023.10.21"]
[PlyCount "146"]

1.e4 e6 2.d3 d5 3.Nd2 c5 4.Ngf3 Nc6 5.g3 Nf6 6.Bg2 Be7 7.O-O O-O 8.Re1 Qc7
9.Nf1 dxe4 10.dxe4 Rd8 11.Qe2 e5 12.c3 h6 13.h3 Be6 14.Nh4 c4 15.Ne3 b5 
16.Nef5 Bf8 17.g4 Nh7 18.Be3 b4 19.Rad1 Qa5 20.Nf3 bxc3 21.bxc3 Qxc3 22.g5
h5 23.g6 fxg6 24.N5h4 Bf7 25.Rd5 Rxd5 26.exd5 Bxd5 27.Bd2 Qa3 28.Nxe5 Qd6 
29.Nxc4 Qd7 30.Bxd5+ Qxd5 31.Qe6+ Qxe6 32.Rxe6 Nd4 33.Re4 Rd8 34.Be3 Ne2+ 
35.Kg2 Nf6 36.Bg5 Nc3 37.Bxf6 gxf6 38.Re3 Nd5 39.Rf3 Kg7 40.Kf1 Rc8 41.Ne3
Nxe3+ 42.Rxe3 Rc4 43.Nf3 Bc5 44.Re2 Ra4 45.Rc2 Bb6 46.Re2 g5 47.Rc2 Kg6 
48.Re2 Kf5 49.Kg2 Rc4 50.Rb2 Ke6 51.Rd2 Rf4 52.Ne1 Re4 53.Nf3 Ra4 54.Rc2 
Kd5 55.Re2 Rf4 56.Rc2 Re4 57.Rb2 Kc6 58.Kf1 Kb7 59.Rc2 Rf4 60.Kg2 Ka6 61.
Ne1 Kb5 62.Nd3 Rd4 63.Nc1 Kb4 64.Nb3 Rf4 65.Kf1 f5 66.Nc1 Rf3 67.Kg2 g4 
68.hxg4 fxg4 69.Re2 Kc3 70.Nb3 h4 71.Nd2 h3+ 72.Kf1 h2 73.Kg2 Kd3 0-1

[Event "26th Hoogeveen op"]
[Site "Hoogeveen NED"]
[Date "2023.10.22"]
[Round "2.11"]
[White "Arnold, Rhys"]
[Black "Mueer, Sebastian"]
[Result "1/2-1/2"]
[WhiteElo "2087"]
[BlackElo "2230"]
[EventDate "2023.10.21"]
[PlyCount "85"]

1.e4 c5 2.Nf3 e6 3.d4 cxd4 4.Nxd4 Nf6 5.Nc3 Nc6 6.Ndb5 Bb4 7.a3 Bxc3+ 8.
Nxc3 d5 9.exd5 exd5 10.Bd3 O-O 11.O-O Bg4 12.f3 Bh5 13.Kh1 d4 14.Ne2 Nd5 
15.Nf4 Nxf4 16.Bxf4 Qb6 17.Qd2 Rfe8 18.b3 Bg6 19.Rad1 a5 20.Bd6 Re6 21.
Bxg6 hxg6 22.Bg3 Qc5 23.a4 Rae8 24.Rf2 Re3 25.h3 Qg5 26.Bd6 Qd5 27.Bf4 Qe6
28.Qc1 Re1+ 29.Rxe1 Qxe1+ 30.Qxe1 Rxe1+ 31.Kh2 d3 32.cxd3 Rb1 33.Rd2 Rxb3 
34.d4 Rb4 35.Be3 Rxa4 36.d5 Ne5 37.d6 Nd7 38.Rc2 Ra3 39.Bf4 Rd3 40.Rc8+ 
Nf8 41.Rb8 f6 42.Rxb7 g5 43.Bg3 1/2-1/2

[Event "26th Hoogeveen op"]
[Site "Hoogeveen NED"]
[Date "2023.10.22"]
[Round "2.12"]
[White "Krishnan, Ritvik"]
[Black "Maris, Ivo"]
[Result "1-0"]
[WhiteElo "2176"]
[BlackElo "2404"]
[EventDate "2023.10.21"]
[PlyCount "89"]

1.Nf3 g6 2.e4 Bg7 3.d4 c6 4.c3 d5 5.Nbd2 dxe4 6.Nxe4 Nf6 7.Nxf6+ exf6 8.
Bd3 O-O 9.O-O a5 10.h3 Na6 11.Bf4 Nc7 12.Qc2 h5 13.Rfe1 Ne6 14.Bg3 Bh6 15.
Bc4 Kg7 16.Rad1 Nf4 17.a4 Nd5 18.Nh4 f5 19.Nf3 f4 20.Bh2 g5 21.Ne5 g4 22.
Kh1 Qg5 23.f3 g3 24.Bg1 f6 25.Bxd5 cxd5 26.Nd3 Qh4 27.Nc5 Bxh3 28.gxh3 
Qxh3+ 29.Bh2 Rfe8 30.Rg1 Re3 31.Rg2 Rxf3 32.Qe2 Qg4 33.Re1 h4 34.Reg1 h3 
35.Rf2 b6 36.Nd3 Re8 37.Qxf3 Qxf3+ 38.Rxf3 g2+ 39.Rxg2+ hxg2+ 40.Kxg2 Re2+
41.Rf2 f3+ 42.Kf1 Re3 43.Ne1 Re7 44.Nxf3 b5 45.Nh4 1-0

[Event "26th Hoogeveen op"]
[Site "Hoogeveen NED"]
[Date "2023.10.22"]
[Round "2.13"]
[White "Goudriaan, Rafael"]
[Black "Duchene, Rene"]
[Result "1-0"]
[WhiteElo "2153"]
[BlackElo "2065"]
[EventDate "2023.10.21"]
[PlyCount "61"]

1.e4 c5 2.Nf3 g6 3.c3 d5 4.exd5 Qxd5 5.Na3 Nh6 6.d4 cxd4 7.Nb5 Na6 8.Nbxd4
Bg7 9.Bb5+ Bd7 10.Bxa6 bxa6 11.O-O O-O 12.Re1 Rfe8 13.Bf4 f6 14.Qb3 Qxb3 
15.axb3 e5 16.Bxh6 Bxh6 17.Nc2 Rab8 18.Nb4 Bf8 19.Nd5 Re6 20.b4 Rc8 21.Ra5
Rd6 22.Nd2 Bf5 23.g4 Bd3 24.Ne4 Rc4 25.Ndxf6+ Rxf6 26.Nxf6+ Kf7 27.Re3 Bc2
28.g5 h6 29.h3 hxg5 30.Ng4 Kg7 31.Rxa6 1-0

[Event "26th Hoogeveen op"]
[Site "Hoogeveen NED"]
[Date "2023.10.22"]
[Round "2.14"]
[White "Boer, Alef"]
[Black "Labruyere, Roger"]
[Result "0-1"]
[WhiteElo "2058"]
[BlackElo "2148"]
[EventDate "2023.10.21"]
[PlyCount "50"]

1.e4 c5 2.Nf3 Nc6 3.b4 cxb4 4.d4 d5 5.exd5 Qxd5 6.c4 Qa5 7.Bb2 Bf5 8.Nbd2 
e6 9.Be2 Nf6 10.O-O Be7 11.Nh4 Bg6 12.f4 Qb6 13.c5 Qd8 14.Nxg6 hxg6 15.Nc4
Nd5 16.Bf3 Qd7 17.Qd2 Rd8 18.Rfd1 Qc7 19.Ne5 g5 20.fxg5 Nxe5 21.dxe5 Nc3 
22.Qf4 Qxc5+ 23.Kh1 Nxd1 24.Bxd1 Qd5 25.Bf3 Qd2 0-1

[Event "26th Hoogeveen op"]
[Site "Hoogeveen NED"]
[Date "2023.10.22"]
[Round "2.15"]
[White "Kett, Tim"]
[Black "Kiran, Manisha Mohanty"]
[Result "1/2-1/2"]
[WhiteElo "2130"]
[BlackElo "2034"]
[EventDate "2023.10.21"]
[PlyCount "71"]

1.e4 c5 2.Nf3 d6 3.d4 cxd4 4.Nxd4 Nf6 5.Nc3 Nc6 6.Bc4 e6 7.Be3 a6 8.Qe2 
Qc7 9.Bb3 Na5 10.O-O-O b5 11.f3 Nxb3+ 12.axb3 b4 13.Na4 Nd7 14.Qc4 Qxc4 
15.bxc4 Bb7 16.Rd2 Be7 17.Rhd1 h5 18.b3 g5 19.Nb2 g4 20.Nd3 Rc8 21.Re2 h4 
22.h3 gxf3 23.gxf3 Rg8 24.Rg1 Rxg1+ 25.Bxg1 a5 26.Rg2 Kf8 27.Be3 Bf6 28.
Bh6+ Ke7 29.Bg5 Ne5 30.Nxe5 dxe5 31.Bxf6+ Kxf6 32.Nb5 Ba6 33.Rg4 Bxb5 34.
cxb5 Rb8 35.Rxh4 Rxb5 36.Kd2 1/2-1/2

[Event "26th Hoogeveen op"]
[Site "Hoogeveen NED"]
[Date "2023.10.22"]
[Round "2.16"]
[White "Hoffman, Ron"]
[Black "Boeren, Jurriaan"]
[Result "1-0"]
[WhiteElo "2032"]
[BlackElo "2120"]
[EventDate "2023.10.21"]
[PlyCount "65"]

1.c4 e5 2.g3 Nf6 3.Bg2 d5 4.cxd5 Nxd5 5.Nf3 Nc6 6.Nc3 Nb6 7.O-O Be7 8.d3 
O-O 9.a3 Be6 10.Be3 f6 11.Rc1 Qd7 12.Ne4 Nd5 13.Bc5 b6 14.Bxe7 Ncxe7 15.d4
Bf5 16.Ned2 e4 17.Nh4 e3 18.fxe3 Be6 19.Nc4 g5 20.e4 gxh4 21.exd5 Bxd5 22.
e4 Bb7 23.d5 hxg3 24.hxg3 Ng6 25.Qh5 Ba6 26.Bh3 Qg7 27.Be6+ Kh8 28.Ne3 Ne5
29.Nf5 Qg6 30.Qh4 Bxf1 31.Kxf1 Rac8 32.Bxc8 Rxc8 33.Ne7 1-0

[Event "26th Hoogeveen op"]
[Site "Hoogeveen NED"]
[Date "2023.10.22"]
[Round "2.17"]
[White "Vogel, Jaap"]
[Black "Kazarjan, Gachatur"]
[Result "1/2-1/2"]
[WhiteElo "2106"]
[BlackElo "1970"]
[EventDate "2023.10.21"]
[PlyCount "58"]

1.d4 d5 2.Nf3 c5 3.dxc5 e6 4.g3 Bxc5 5.Bg2 Nf6 6.O-O O-O 7.a3 a5 8.c4 Nc6 
9.Qc2 b6 10.cxd5 exd5 11.Nc3 Be6 12.Bg5 h6 13.Bxf6 Qxf6 14.e4 Rfd8 15.exd5
Bxd5 16.Nxd5 Rxd5 17.Nd2 Rh5 18.Ne4 Qf5 19.Rac1 Rc8 20.Qe2 Nd4 21.Qd1 Qg6 
22.b4 axb4 23.axb4 Re8 24.bxc5 bxc5 25.Re1 Rhe5 26.Rxc5 Rxe4 27.Rxe4 Rxe4 
28.Rd5 Ne2+ 29.Kf1 Re7 1/2-1/2

[Event "26th Hoogeveen op"]
[Site "Hoogeveen NED"]
[Date "2023.10.23"]
[Round "3.1"]
[White "Paltrinieri, Nicholas"]
[Black "Zwirs, Nico"]
[Result "1/2-1/2"]
[WhiteElo "2344"]
[BlackElo "2451"]
[EventDate "2023.10.21"]
[PlyCount "80"]

1.e4 c5 2.Nf3 d6 3.d4 cxd4 4.Qxd4 Nf6 5.Bg5 Nc6 6.Bb5 Qa5+ 7.Nc3 Qxb5 8.
Nxb5 Nxd4 9.Nfxd4 Nxe4 10.Nc7+ Kd8 11.Nxa8 Nxg5 12.Nb5 a6 13.Nc3 Bf5 14.
O-O-O Ne4 15.Nxe4 Bxe4 16.f3 Bc6 17.Nb6 e6 18.Nc4 Kc7 19.Rhe1 Be7 20.Kb1 
Rd8 21.Re3 Bf6 22.Na5 Be8 23.Rb3 b6 24.Nc4 b5 25.Ne3 h5 26.Ra3 Kb6 27.f4 
d5 28.Rad3 Bc6 29.c3 d4 30.Rxd4 Bxd4 31.Rxd4 Re8 32.Kc2 e5 33.fxe5 Rxe5 
34.Kd2 g5 35.g3 Kc7 36.c4 bxc4 37.Rxc4 Kd6 38.b4 Bb5 39.Rd4+ Kc6 40.a3 f6 
1/2-1/2

[Event "26th Hoogeveen op"]
[Site "Hoogeveen NED"]
[Date "2023.10.23"]
[Round "3.2"]
[White "Krishnan, Ritvik"]
[Black "Schoorl, Rob"]
[Result "1-0"]
[WhiteElo "2176"]
[BlackElo "2357"]
[EventDate "2023.10.21"]
[PlyCount "113"]

1.Nf3 Nf6 2.c4 g6 3.Nc3 Bg7 4.e4 d6 5.d4 O-O 6.Be2 e5 7.O-O Bg4 8.d5 a5 9.
Be3 Na6 10.Nd2 Bxe2 11.Qxe2 h5 12.h3 Nh7 13.Kh1 Bf6 14.Nf3 Be7 15.Rab1 f5 
16.a3 f4 17.Bd2 g5 18.g4 hxg4 19.hxg4 a4 20.Nxa4 Qd7 21.Nc3 Qxg4 22.Rg1 
Qh5+ 23.Nh2 Qxe2 24.Nxe2 Nc5 25.f3 Nb3 26.Rbd1 c6 27.Be1 Ra4 28.Rd3 Nd4 
29.Nxd4 exd4 30.dxc6 bxc6 31.Rxd4 Rb8 32.Bc3 Bf6 33.Rd3 Bxc3 34.Rxc3 Rxb2 
35.Rd1 Nf6 36.Rxd6 Nh5 37.Nf1 Kg7 38.Rxc6 Ng3+ 39.Nxg3 fxg3 40.Rd3 Ra7 41.
Rd5 Kf8 42.Rc8+ Ke7 43.Rxg5 Rxa3 44.Rg7+ Kf6 45.Rxg3 Ra1+ 46.Rg1 Raa2 47.
Rh8 Rf2 48.Rc1 Ke5 49.c5 Kf4 50.c6 Rac2 51.Rf8+ Ke5 52.Rxc2 Rxc2 53.Rc8 
Kd6 54.Kg1 Rb2 55.Kf1 Ra2 56.Ke1 Rh2 57.Rd8+ 1-0

[Event "26th Hoogeveen op"]
[Site "Hoogeveen NED"]
[Date "2023.10.23"]
[Round "3.3"]
[White "Mellema, Andries"]
[Black "Ernst, Sipke"]
[Result "0-1"]
[WhiteElo "2160"]
[BlackElo "2551"]
[EventDate "2023.10.21"]
[PlyCount "98"]

1.e4 e5 2.Nf3 Nc6 3.Bc4 Nf6 4.d3 Bc5 5.O-O d6 6.c3 a6 7.a4 Ba7 8.Re1 O-O 
9.h3 Ne7 10.Be3 Ng6 11.Bxa7 Rxa7 12.d4 Qe7 13.Bf1 exd4 14.Qxd4 Ra8 15.Nbd2
Re8 16.a5 Nd7 17.Re3 Kh8 18.Rae1 f6 19.Nc4 Nde5 20.Qd1 Nf4 21.Kh2 Qf7 22.
Nfd2 Rd8 23.g3 Nxh3 24.Nxe5 dxe5 25.Bxh3 Bxh3 26.Kxh3 Qd7+ 27.Kg2 Qxd2 28.
Qh5 g6 29.Qh6 Rd7 30.Rh1 Rg8 31.g4 Rf7 32.Qh2 Qd7 33.Rg3 Qc6 34.Re3 Qe6 
35.Qg3 Rd8 36.Qh4 Kg8 37.Reh3 c5 38.Rf3 Rd2 39.b4 cxb4 40.cxb4 Rd4 41.Re3 
Qc6 42.Rhe1 Rxb4 43.Kh2 Rb2 44.Rf3 Rd2 45.Qh6 Rd8 46.Ree3 Qc1 47.Qh3 Rd1 
48.Qg2 Re1 49.Rc3 Qh6+ 0-1

[Event "26th Hoogeveen op"]
[Site "Hoogeveen NED"]
[Date "2023.10.23"]
[Round "3.4"]
[White "Lodici, Lorenzo"]
[Black "Van Dael, Siem"]
[Result "1-0"]
[WhiteElo "2537"]
[BlackElo "2321"]
[EventDate "2023.10.21"]
[PlyCount "45"]

1.e4 c5 2.Nf3 d6 3.d4 cxd4 4.Nxd4 Nf6 5.Nc3 a6 6.f4 Qc7 7.f5 Nc6 8.Bg5 e6 
9.Bc4 Nxe4 10.Nxe4 d5 11.fxe6 fxe6 12.Nxc6 bxc6 13.Bd3 Qe5 14.O-O dxe4 15.
Bxe4 Bb7 16.Qh5+ g6 17.Bxg6+ hxg6 18.Qxg6+ Kd7 19.Rad1+ Bd6 20.Bf4 Qc5+ 
21.Rf2 e5 22.Qg7+ Ke6 23.Qg4+ 1-0

[Event "26th Hoogeveen op"]
[Site "Hoogeveen NED"]
[Date "2023.10.23"]
[Round "3.6"]
[White "Maatman, Nick"]
[Black "De Boer, Eelke"]
[Result "0-1"]
[WhiteElo "2382"]
[BlackElo "2327"]
[EventDate "2023.10.21"]
[PlyCount "106"]

1.d4 Nf6 2.c4 e6 3.Nf3 d5 4.Nc3 c5 5.cxd5 Nxd5 6.e4 Nxc3 7.bxc3 cxd4 8.
cxd4 Bb4+ 9.Bd2 Bxd2+ 10.Qxd2 O-O 11.Bc4 Nd7 12.O-O b6 13.Rfe1 Bb7 14.Rad1
Rc8 15.Bd3 h6 16.h3 Nf6 17.Qf4 Qc7 18.Qh4 Rfd8 19.Re3 Rd7 20.Bb5 Rdd8 21.
Ba4 Qe7 22.Bb3 Qb4 23.a3 Qb5 24.d5 exd5 25.Nd4 Qc5 26.e5 Ne4 27.Nf5 Re8 
28.Rxe4 dxe4 29.Qg4 Qxe5 30.Nxh6+ Kf8 31.Nxf7 Qb2 32.Qf5 Qf6 33.Qh7 e3 34.
fxe3 Be4 35.Qh8+ Ke7 36.Qh5 Rc5 37.Qg4 Bf5 38.Qa4 a5 39.Rf1 Rec8 40.g4 Rc1
41.gxf5 Rxf1+ 42.Kxf1 Qxf5+ 43.Ke2 Rc3 44.Qh4+ g5 45.Qd4 Rxb3 46.Ne5 Rb1 
47.Nf3 Qc2+ 48.Nd2 Qd1+ 49.Kd3 Rb3+ 50.Ke4 Qh1+ 51.Kf5 Qxh3+ 52.Kg6 Qe6+ 
53.Kg7 Rxe3 0-1

[Event "26th Hoogeveen op"]
[Site "Hoogeveen NED"]
[Date "2023.10.23"]
[Round "3.7"]
[White "Elgersma, Onno"]
[Black "Hoffman, Ron"]
[Result "1-0"]
[WhiteElo "2266"]
[BlackElo "2032"]
[EventDate "2023.10.21"]
[PlyCount "77"]

1.e4 c5 2.Nf3 a6 3.c4 Nc6 4.Nc3 e5 5.g3 d6 6.Bg2 g6 7.d3 Bg7 8.Bg5 f6 9.
Bd2 Nge7 10.a3 O-O 11.O-O Nd4 12.Nxd4 cxd4 13.Nd5 Nxd5 14.cxd5 f5 15.f4 
fxe4 16.dxe4 Bd7 17.Qb3 Bh6 18.a4 b5 19.Qa3 Rf6 20.Rad1 Bg4 21.Rde1 Rc8 
22.axb5 axb5 23.Qd3 Qb6 24.h3 Bd7 25.fxe5 Rxf1+ 26.Rxf1 Bxd2 27.Qxd2 dxe5 
28.Qf2 Qd6 29.Qf7+ Kh8 30.Rf6 Qc7 31.Qe7 Qd8 32.Qxe5 Kg8 33.Qxd4 Rc4 34.
Qf2 Qc8 35.Kh2 Rc2 36.Rf8+ Qxf8 37.Qxc2 Qd6 38.Qc3 b4 39.Qd4 1-0

[Event "26th Hoogeveen op"]
[Site "Hoogeveen NED"]
[Date "2023.10.23"]
[Round "3.8"]
[White "Margadgua, Erdenebayar"]
[Black "Van Kooten, Luuk"]
[Result "1-0"]
[WhiteElo "1848"]
[BlackElo "2255"]
[EventDate "2023.10.21"]
[PlyCount "51"]

1.e4 g6 2.Nc3 Bg7 3.d4 d6 4.Nf3 a6 5.a4 b6 6.Bc4 e6 7.O-O Nd7 8.Ng5 h6 9.
Nxf7 Kxf7 10.e5 Rb8 11.Qf3+ Ke7 12.exd6+ cxd6 13.Re1 Ndf6 14.Bxe6 Bxe6 15.
d5 Nxd5 16.Nxd5+ Kd7 17.Bf4 Bxd5 18.Qxd5 Qf6 19.Bxd6 Qxd6 20.Qf7+ Kc6 21.
Qxg7 Nf6 22.Rad1 Nd5 23.c4 Rhe8 24.cxd5+ Qxd5 25.Qf6+ Kb7 26.Re7+ 1-0

[Event "26th Hoogeveen op"]
[Site "Hoogeveen NED"]
[Date "2023.10.23"]
[Round "3.9"]
[White "Van Helvoort, Rob"]
[Black "Goudriaan, Rafael"]
[Result "1/2-1/2"]
[WhiteElo "2105"]
[BlackElo "2153"]
[EventDate "2023.10.21"]
[PlyCount "79"]

1.e4 c5 2.c3 d5 3.exd5 Qxd5 4.Na3 Nc6 5.Nf3 Bg4 6.Be2 e5 7.O-O e4 8.Ne1 
Bxe2 9.Qxe2 O-O-O 10.f3 Qh5 11.Nc4 f5 12.a4 Nf6 13.d3 g5 14.dxe4 Nxe4 15.
g4 Nxc3 16.bxc3 Qf7 17.Ne3 f4 18.Nf5 Bg7 19.Bb2 Rhe8 20.Qc2 c4 21.Rd1 Bf8 
22.Rxd8+ Rxd8 23.Nd4 Bc5 24.Qd2 h5 25.h3 hxg4 26.fxg4 Qh7 27.Qg2 Nxd4 28.
cxd4 Bxd4+ 29.Bxd4 Rxd4 30.Qc2 Qxh3 31.Qf5+ Rd7 32.Ng2 Qh6 33.Rd1 Qb6+ 34.
Kf1 Qc6 35.Rxd7 Qxd7 36.Qc5+ Kb8 37.Qe5+ Kc8 38.Qc5+ Kb8 39.Qe5+ Kc8 40.
Qc5+ 1/2-1/2

[Event "26th Hoogeveen op"]
[Site "Hoogeveen NED"]
[Date "2023.10.23"]
[Round "3.10"]
[White "Labruyere, Roger"]
[Black "Zecha, Oscar"]
[Result "1/2-1/2"]
[WhiteElo "2148"]
[BlackElo "1838"]
[EventDate "2023.10.21"]
[PlyCount "121"]

1.e4 e5 2.Nf3 Nc6 3.Bc4 Bc5 4.c3 Nf6 5.d3 d6 6.Bb3 a6 7.h3 Ba7 8.Nbd2 Be6 
9.Bc2 h6 10.Nf1 d5 11.Qe2 Qd6 12.Ng3 O-O-O 13.O-O g5 14.exd5 Nxd5 15.Re1 
Nf4 16.Bxf4 exf4 17.Ne4 Qd7 18.d4 Bf5 19.Nf6 Qe6 20.d5 Qxf6 21.dxc6 Bxc2 
22.cxb7+ Kxb7 23.Qxc2 Rhe8 24.Rad1 Rxd1 25.Qxd1 Rxe1+ 26.Qxe1 Qf5 27.Qe2 
h5 28.Ne5 g4 29.hxg4 hxg4 30.Nxg4 Qb1+ 31.Qf1 Qxb2 32.Qe1 f5 33.Nh6 Qxa2 
34.c4 Qxc4 35.Nxf5 Qc2 36.Qb4+ Bb6 37.Qxf4 Qd1+ 38.Kh2 Qh5+ 39.Kg3 Qg6+ 
40.Kh3 Qh5+ 41.Nh4 Qe2 42.f3 a5 43.Kg4 Qb5 44.Ng6 Qb4 45.Ne5 Qxf4+ 46.Kxf4
a4 47.Nd3 Kc6 48.Ke4 a3 49.Nc1 Kd6 50.g4 Ke6 51.f4 Ba5 52.g5 Bd2 53.Na2 
Kf7 54.Kf5 c5 55.Ke4 c4 56.Kd4 Bxf4 57.Kxc4 Bxg5 58.Kb3 Be7 59.Nc3 Ke6 60.
Nb1 Ke5 61.Nxa3 1/2-1/2

[Event "26th Hoogeveen op"]
[Site "Hoogeveen NED"]
[Date "2023.10.23"]
[Round "3.11"]
[White "Slagboom, Leandro"]
[Black "Arnold, Rhys"]
[Result "1-0"]
[WhiteElo "2305"]
[BlackElo "2087"]
[EventDate "2023.10.21"]
[PlyCount "151"]

1.e4 c5 2.Nf3 Nc6 3.d4 cxd4 4.Nxd4 Nf6 5.Nc3 e5 6.Nde2 Bc5 7.Ng3 O-O 8.Bd3
d6 9.Na4 Bb4+ 10.c3 Ba5 11.O-O Bg4 12.f3 Be6 13.Qe2 a6 14.b4 Bc7 15.Rd1 a5
16.b5 Nb8 17.c4 Nbd7 18.Be3 b6 19.Nc3 Nc5 20.Bc2 Qe8 21.h3 Rc8 22.f4 Bb8 
23.Rac1 exf4 24.Bxf4 Bxc4 25.Qf3 Qe6 26.Nd5 Nfd7 27.Nf5 Bxd5 28.Qg4 g6 29.
exd5 Qe8 30.Bh6 Ne5 31.Qh4 f6 32.Bxf8 Qxf8 33.Nd4 Bc7 34.Nc6 Bd8 35.Qd4 
Qh6 36.Rf1 Qg5 37.Rce1 Kg7 38.Kh1 Qh6 39.Re2 f5 40.Nxd8 Rxd8 41.Rxe5 dxe5 
42.Qxe5+ Kg8 43.Qf6 Qf8 44.Qxb6 Rxd5 45.Qxa5 Qd6 46.b6 Kg7 47.Qa7+ Kh6 48.
b7 Nd7 49.Qe3+ Kg7 50.Re1 Ne5 51.Rb1 Nd7 52.Ba4 Rd3 53.Qe2 Nb8 54.Rd1 
Rxd1+ 55.Bxd1 g5 56.Bc2 Kf6 57.Qe8 h6 58.Bb3 f4 59.Qh8+ Ke7 60.Qc8 Qe5 61.
Qg4 Kd6 62.Qf3 Kc7 63.Bd5 Na6 64.Qe4 Qd6 65.Qc4+ Kb6 66.a4 Qe7 67.Qc6+ Ka7
68.b8=Q+ Nxb8 69.Qa8+ Kb6 70.Qxb8+ Kc5 71.Qb5+ Kd4 72.Qc4+ Ke3 73.a5 Kf2 
74.Kh2 f3 75.Qd4+ Ke1 76.Bxf3 1-0

[Event "26th Hoogeveen op"]
[Site "Hoogeveen NED"]
[Date "2023.10.23"]
[Round "3.12"]
[White "Maris, Ivo"]
[Black "Swati, Ghate"]
[Result "1-0"]
[WhiteElo "2404"]
[BlackElo "1995"]
[EventDate "2023.10.21"]
[PlyCount "75"]

1.c4 e6 2.Nf3 Nf6 3.b3 d5 4.Bb2 Be7 5.g3 O-O 6.Bg2 a5 7.Nc3 c6 8.d4 a4 9.
Nxa4 dxc4 10.O-O cxb3 11.axb3 Nbd7 12.Qc2 Nd5 13.e4 N5f6 14.h4 h6 15.Rad1 
Qa5 16.Nc3 Qh5 17.Ne5 Nxe5 18.dxe5 Nd7 19.f4 f5 20.Bf3 Qg6 21.Kh2 Bc5 22.
Na4 Be7 23.Rf2 Ra5 24.Rfd2 Nc5 25.Ba3 b6 26.Bxc5 bxc5 27.h5 Qe8 28.Nb6 Ra7
29.Nc4 Bd7 30.Nd6 Qa8 31.Nxf5 exf5 32.Qc4+ Kh8 33.Rxd7 Ra2+ 34.R1d2 Rxd2+ 
35.Rxd2 fxe4 36.Qxe4 Rd8 37.Rxd8+ Qxd8 38.Qg6 1-0

[Event "26th Hoogeveen op"]
[Site "Hoogeveen NED"]
[Date "2023.10.23"]
[Round "3.13"]
[White "Mueer, Sebastian"]
[Black "Nijdam, Brian"]
[Result "1-0"]
[WhiteElo "2230"]
[BlackElo "1918"]
[EventDate "2023.10.21"]
[PlyCount "88"]

1.d4 Nf6 2.Nf3 g6 3.c4 Bg7 4.Nc3 d5 5.Bf4 O-O 6.Rc1 c6 7.e3 Bg4 8.h3 Bxf3 
9.Qxf3 e6 10.Be2 Nbd7 11.O-O Re8 12.Qg3 dxc4 13.Bc7 Qc8 14.Bxc4 Nh5 15.Qh2
e5 16.Bxe5 Nxe5 17.dxe5 Bxe5 18.f4 Bc7 19.e4 Qd8 20.Rcd1 Qh4 21.g4 Ng3 22.
Bxf7+ Kxf7 23.Rd7+ Re7 24.Rxe7+ Kxe7 25.Rf3 Bb6+ 26.Kg2 Rd8 27.Qxg3 Rd2+ 
28.Kf1 Qxg3 29.Rxg3 Rxb2 30.Rf3 Ba5 31.a3 Bxc3 32.Rxc3 Kd6 33.Rd3+ Ke6 34.
e5 Rh2 35.Kg1 Ra2 36.Rd6+ Ke7 37.f5 gxf5 38.gxf5 Re2 39.f6+ Kf7 40.Rd7+ 
Kf8 41.Re7 c5 42.Kf1 Re4 43.Kf2 c4 44.Kf3 Re1 1-0

[Event "26th Hoogeveen op"]
[Site "Hoogeveen NED"]
[Date "2023.10.23"]
[Round "3.14"]
[White "Boersma, Jan"]
[Black "Kett, Tim"]
[Result "0-1"]
[WhiteElo "1997"]
[BlackElo "2130"]
[EventDate "2023.10.21"]
[PlyCount "48"]

1.e4 e5 2.Nf3 Nc6 3.Nc3 Nf6 4.Bb5 Nd4 5.O-O Nxb5 6.Nxb5 d6 7.Nc3 c5 8.d3 
h6 9.Nd2 Be7 10.Nc4 O-O 11.a4 Be6 12.Qf3 Nh7 13.Ne3 Bg5 14.Nf5 g6 15.Nxh6+
Kg7 16.Ng4 f5 17.exf5 gxf5 18.Ne3 Bf4 19.Ned5 Ng5 20.Qe2 Bxc1 21.Raxc1 f4 
22.f3 Rh8 23.b4 cxb4 24.Nxb4 Qb6+ 0-1

[Event "26th Hoogeveen op"]
[Site "Hoogeveen NED"]
[Date "2023.10.23"]
[Round "3.15"]
[White "Kiran, Manisha Mohanty"]
[Black "Vogel, Jaap"]
[Result "1-0"]
[WhiteElo "2034"]
[BlackElo "2106"]
[EventDate "2023.10.21"]
[PlyCount "81"]

1.e4 e6 2.d4 d5 3.Nc3 Bb4 4.a3 Bxc3+ 5.bxc3 dxe4 6.Qg4 Nf6 7.Qxg7 Rg8 8.
Qh6 Nbd7 9.Ne2 b6 10.Bg5 Bb7 11.a4 Qe7 12.a5 Rg6 13.Qh4 h6 14.Bxh6 O-O-O 
15.Bc1 Rdg8 16.axb6 axb6 17.Qh3 Ng4 18.c4 Qb4+ 19.Qc3 Qxc3+ 20.Nxc3 e5 21.
d5 f5 22.h3 Ngf6 23.g3 c6 24.h4 cxd5 25.h5 R6g7 26.h6 Rh7 27.cxd5 Nxd5 28.
Nxd5 Bxd5 29.Rh5 Rf8 30.Bh3 Be6 31.Ra8+ Nb8 32.g4 fxg4 33.Bg2 Bd5 34.Ra1 
Nd7 35.Be3 Kb7 36.Rd1 Bc6 37.Rd6 Rf3 38.Bxf3 exf3 39.Rg6 Be4 40.Rg7 Bxc2 
41.Rxe5 1-0

[Event "26th Hoogeveen op"]
[Site "Hoogeveen NED"]
[Date "2023.10.23"]
[Round "3.16"]
[White "Kazarjan, Gachatur"]
[Black "Boer, Alef"]
[Result "1/2-1/2"]
[WhiteElo "1970"]
[BlackElo "2058"]
[EventDate "2023.10.21"]
[PlyCount "41"]

1.e4 e6 2.d4 d5 3.Nd2 dxe4 4.Nxe4 Nd7 5.Nf3 Ngf6 6.Nxf6+ Nxf6 7.g3 b6 8.
Bg2 Bb7 9.O-O c5 10.b3 cxd4 11.Nxd4 Bxg2 12.Kxg2 Qd5+ 13.Qf3 Bc5 14.Bb2 
O-O 15.Rad1 Rfd8 16.c4 Qxf3+ 17.Kxf3 h5 18.Nc6 Rdc8 19.Ne5 Rd8 20.Nc6 Rdc8
21.Ne5 1/2-1/2

[Event "26th Hoogeveen op"]
[Site "Hoogeveen NED"]
[Date "2023.10.23"]
[Round "3.17"]
[White "Boeren, Jurriaan"]
[Black "Fehr, Axel"]
[Result "1-0"]
[WhiteElo "2120"]
[BlackElo "2011"]
[EventDate "2023.10.21"]
[PlyCount "93"]

1.e4 g6 2.d4 Bg7 3.Nc3 d6 4.Be3 a6 5.a4 Nf6 6.h3 O-O 7.Nf3 b6 8.Bd3 Bb7 9.
O-O Nc6 10.Qe2 Nb4 11.Rfd1 e6 12.Bg5 h6 13.Be3 Nxd3 14.Qxd3 d5 15.e5 Ne4 
16.Nh2 c5 17.Nxe4 dxe4 18.Qa3 c4 19.Qb4 Bd5 20.Qd2 Qh4 21.Ng4 g5 22.Kh2 f5
23.exf6 Bxf6 24.Rg1 Qh5 25.Qe2 Kh8 26.Rge1 Bg7 27.Rab1 Qf7 28.c3 Qc7+ 29.
Kg1 Rf5 30.h4 Qf7 31.hxg5 hxg5 32.Ne5 Bxe5 33.dxe5 Kg7 34.Qg4 Qg6 35.Kf1 
Rh8 36.g3 Rf3 37.Qxg5 Qxg5 38.Bxg5 Rh2 39.Be3 Kg6 40.Kg1 Rh5 41.Kg2 Rh7 
42.Rh1 Rhf7 43.Rbf1 b5 44.axb5 axb5 45.Rh8 Kf5 46.Rh5+ Kg6 47.Rg5+ 1-0

[Event "26th Hoogeveen op"]
[Site "Hoogeveen NED"]
[Date "2023.10.24"]
[Round "4.1"]
[White "Ernst, Sipke"]
[Black "Krishnan, Ritvik"]
[Result "1/2-1/2"]
[WhiteElo "2551"]
[BlackElo "2176"]
[EventDate "2023.10.21"]
[PlyCount "149"]

1.d4 Nf6 2.Bg5 d5 3.Nd2 c5 4.dxc5 e6 5.e4 Bxc5 6.e5 Qb6 7.exf6 Bxf2+ 8.Ke2
e5 9.fxg7 Rg8 10.Ndf3 Rxg7 11.Qd2 e4 12.Be3 Bxe3 13.Qxe3 Qxe3+ 14.Kxe3 
exf3 15.Nxf3 Nc6 16.Rd1 Bf5 17.Rxd5 Bxc2 18.Bb5 Kf8 19.Bxc6 bxc6 20.Rd2 
Re8+ 21.Kf2 Be4 22.Re1 Bd5 23.Rxe8+ Kxe8 24.a3 f6 25.Ne1 Kd7 26.Rd4 Ke6 
27.g3 Ke5 28.Ke3 Rb7 29.Nd3+ Kd6 30.Rb4 Rb6 31.Kd4 Rxb4+ 32.axb4 Bf7 33.
Nf2 Bd5 34.Nd1 Bb3 35.Ne3 Be6 36.Nf1 Bf7 37.g4 Be6 38.Ne3 Bd7 39.h3 Be6 
40.Ng2 Ba2 41.Nf4 Bf7 42.Ne2 Be8 43.Ng1 Bg6 44.Nf3 Bf7 45.Nd2 Bd5 46.Ne4+ 
Bxe4 47.Kxe4 Ke6 48.Kd4 Kd6 49.Kc4 Kd7 50.Kc5 Kc7 51.h4 Kd7 52.b5 cxb5 53.
Kxb5 Ke6 54.b4 Ke5 55.Ka6 h5 56.gxh5 f5 57.Kxa7 f4 58.b5 f3 59.b6 f2 60.b7
f1=Q 61.b8=Q+ Ke6 62.Qe8+ Kd6 63.Qd8+ Ke6 64.Qe8+ Kd6 65.Qd8+ Ke6 66.Qb6+ 
Kf7 67.Qg6+ Kf8 68.Qd6+ Kg8 69.Qg3+ Kh7 70.Qg6+ Kh8 71.Qh6+ Kg8 72.Qg5+ 
Kh7 73.Qg6+ Kh8 74.h6 Qf7+ 75.Qxf7 1/2-1/2

[Event "26th Hoogeveen op"]
[Site "Hoogeveen NED"]
[Date "2023.10.24"]
[Round "4.2"]
[White "Zwirs, Nico"]
[Black "Lodici, Lorenzo"]
[Result "1/2-1/2"]
[WhiteElo "2451"]
[BlackElo "2537"]
[EventDate "2023.10.21"]
[PlyCount "98"]

1.e4 e5 2.Nf3 Nc6 3.Bc4 Nf6 4.d3 Bc5 5.c3 Bb6 6.O-O d6 7.Nbd2 Ne7 8.Re1 
Ng6 9.d4 O-O 10.Bf1 Re8 11.h3 h6 12.Qc2 c6 13.dxe5 dxe5 14.Nc4 Bc7 15.a4 
Nh7 16.g3 Qf6 17.Qe2 b6 18.Ne3 a5 19.b4 axb4 20.cxb4 Ba6 21.b5 Bxb5 22.Ng4
Qe6 23.Qc2 Bxf1 24.Rxf1 h5 25.Ne3 Qxh3 26.Qxc6 Rac8 27.Nf5 Ne7 28.Nxe7+ 
Rxe7 29.Ba3 Ree8 30.Rac1 Nf6 31.Rfe1 Qd7 32.Qxd7 Nxd7 33.Rc6 Bb8 34.Rec1 
Rcd8 35.Kg2 Nf6 36.R1c4 Ng4 37.Bb4 Rd7 38.Rc8 Rdd8 39.R8c6 Ba7 40.Rc2 Rd7 
41.Rc7 Rxc7 42.Rxc7 Ra8 43.Be1 f6 44.Nh4 b5 45.axb5 Bb6 46.Rb7 Bc5 47.Rc7 
Bb6 48.Rb7 Bc5 49.Rc7 Bb6 1/2-1/2

[Event "26th Hoogeveen op"]
[Site "Hoogeveen NED"]
[Date "2023.10.24"]
[Round "4.3"]
[White "De Winter, Arthur"]
[Black "Paltrinieri, Nicholas"]
[Result "1-0"]
[WhiteElo "2397"]
[BlackElo "2344"]
[EventDate "2023.10.21"]
[PlyCount "103"]

1.e4 e6 2.d4 d5 3.Nc3 Bb4 4.e5 Ne7 5.a3 Bxc3+ 6.bxc3 c5 7.h4 Qc7 8.h5 h6 
9.Rb1 b6 10.Qg4 Rg8 11.Bd3 Nf5 12.Nf3 Nc6 13.Qf4 Nfe7 14.a4 Bd7 15.Ba3 f6 
16.Qg3 fxe5 17.dxc5 Kd8 18.cxb6 axb6 19.Bh7 Nf5 20.Qg4 Re8 21.Nh4 Nce7 22.
O-O Rxa4 23.Bb4 Bc6 24.Nxf5 Nxf5 25.Bg6 Rf8 26.c4 Rf6 27.cxd5 Bxd5 28.Be7+
Nxe7 29.Qxa4 Nxg6 30.hxg6 Rxg6 31.Qh4+ Kd7 32.g3 Qc3 33.Qa4+ Kd8 34.Qh4+ 
Ke8 35.Qh5 Kf8 36.Rxb6 Rg5 37.Rb8+ Ke7 38.Re8+ Kd6 39.Qh4 Kd7 40.Rg8 Qa3 
41.Rd1 Kc7 42.Rxd5 exd5 43.Qh3 Qa6 44.Re8 Rg6 45.Qf5 Qa1+ 46.Kg2 Rc6 47.
Qf7+ Kb6 48.Qe7 Kb5 49.Rb8+ Rb6 50.Qd7+ Kc5 51.Rc8+ Kb4 52.Qe7+ 1-0